<?xml version="1.0" encoding="UTF-8"?>
<collection xmlns="http://www.loc.gov/MARC21/slim">
 <record>
  <leader>02644nam a22003377a 4500</leader>
  <controlfield tag="001">NCT_73482</controlfield>
  <controlfield tag="008">200211b        xxu||||| |||| 00| 0 vie d</controlfield>
  <datafield tag="999" ind1=" " ind2=" ">
   <subfield code="c">3578</subfield>
   <subfield code="d">3578</subfield>
  </datafield>
  <datafield tag="020" ind1=" " ind2=" ">
   <subfield code="a">9786047916429</subfield>
   <subfield code="c">99000</subfield>
  </datafield>
  <datafield tag="082" ind1="0" ind2="4">
   <subfield code="2">23rd ed.</subfield>
   <subfield code="a">657.3</subfield>
   <subfield code="b">D513</subfield>
  </datafield>
  <datafield tag="100" ind1="1" ind2=" ">
   <subfield code="a">Trần Mạnh Dũng</subfield>
  </datafield>
  <datafield tag="245" ind1="1" ind2="0">
   <subfield code="a">Lập, đọc, phân tích và kiểm tra báo cáo tài chính</subfield>
   <subfield code="c">Trần Mạnh Dũng, Phạm Đức Cường, Đinh Thế Hùng</subfield>
  </datafield>
  <datafield tag="260" ind1=" " ind2=" ">
   <subfield code="a">H.</subfield>
   <subfield code="b">Tài chính</subfield>
   <subfield code="c">2017</subfield>
  </datafield>
  <datafield tag="300" ind1=" " ind2=" ">
   <subfield code="a">281 tr.</subfield>
   <subfield code="b">Bảng</subfield>
   <subfield code="c">24cm</subfield>
  </datafield>
  <datafield tag="500" ind1=" " ind2=" ">
   <subfield code="a">ĐTTS ghi: Trường đại học Kinh tế Quốc dân. Viện kế toán -Kiểm toán</subfield>
  </datafield>
  <datafield tag="520" ind1="3" ind2=" ">
   <subfield code="a">Nội dung giới thiệu về báo cáo tài chính, lập và đọc báo cáo tài chính, phân tích báo cáo tài chính qua các chỉ tiêu tài chính và kiểm tra báo cáo tài chính.</subfield>
  </datafield>
  <datafield tag="653" ind1=" " ind2=" ">
   <subfield code="a">Tài chính - Ngân hàng</subfield>
  </datafield>
  <datafield tag="700" ind1="1" ind2=" ">
   <subfield code="a">Phạm Đức Cường</subfield>
  </datafield>
  <datafield tag="700" ind1="1" ind2=" ">
   <subfield code="a">Đinh Thế Hùng</subfield>
  </datafield>
  <datafield tag="942" ind1=" " ind2=" ">
   <subfield code="2">ddc</subfield>
   <subfield code="c">BK</subfield>
  </datafield>
  <datafield tag="952" ind1=" " ind2=" ">
   <subfield code="0">0</subfield>
   <subfield code="1">0</subfield>
   <subfield code="2">ddc</subfield>
   <subfield code="4">0</subfield>
   <subfield code="6">657_300000000000000_D513</subfield>
   <subfield code="7">0</subfield>
   <subfield code="9">18534</subfield>
   <subfield code="a">000001</subfield>
   <subfield code="b">000001</subfield>
   <subfield code="d">2020-02-11</subfield>
   <subfield code="o">657.3 D513</subfield>
   <subfield code="p">MD.16571</subfield>
   <subfield code="r">2020-10-20</subfield>
   <subfield code="v">99000.00</subfield>
   <subfield code="w">2020-02-11</subfield>
   <subfield code="y">BK</subfield>
  </datafield>
  <datafield tag="952" ind1=" " ind2=" ">
   <subfield code="0">0</subfield>
   <subfield code="1">0</subfield>
   <subfield code="2">ddc</subfield>
   <subfield code="4">0</subfield>
   <subfield code="6">657_300000000000000_D513</subfield>
   <subfield code="7">0</subfield>
   <subfield code="9">18535</subfield>
   <subfield code="a">000001</subfield>
   <subfield code="b">000001</subfield>
   <subfield code="d">2020-02-11</subfield>
   <subfield code="o">657.3 D513</subfield>
   <subfield code="p">MD.16572</subfield>
   <subfield code="r">2020-02-11</subfield>
   <subfield code="v">99000.00</subfield>
   <subfield code="w">2020-02-11</subfield>
   <subfield code="y">BK</subfield>
  </datafield>
  <datafield tag="952" ind1=" " ind2=" ">
   <subfield code="0">0</subfield>
   <subfield code="1">0</subfield>
   <subfield code="2">ddc</subfield>
   <subfield code="4">0</subfield>
   <subfield code="6">657_300000000000000_D513</subfield>
   <subfield code="7">0</subfield>
   <subfield code="9">18536</subfield>
   <subfield code="a">000001</subfield>
   <subfield code="b">000001</subfield>
   <subfield code="d">2020-02-11</subfield>
   <subfield code="l">1</subfield>
   <subfield code="o">657.3 D513</subfield>
   <subfield code="p">MD.16573</subfield>
   <subfield code="r">2020-10-20</subfield>
   <subfield code="s">2020-08-24</subfield>
   <subfield code="v">99000.00</subfield>
   <subfield code="w">2020-02-11</subfield>
   <subfield code="y">BK</subfield>
  </datafield>
  <datafield tag="952" ind1=" " ind2=" ">
   <subfield code="0">0</subfield>
   <subfield code="1">0</subfield>
   <subfield code="2">ddc</subfield>
   <subfield code="4">0</subfield>
   <subfield code="6">657_300000000000000_D513</subfield>
   <subfield code="7">0</subfield>
   <subfield code="9">18537</subfield>
   <subfield code="a">000001</subfield>
   <subfield code="b">000001</subfield>
   <subfield code="d">2020-02-11</subfield>
   <subfield code="o">657.3 D513</subfield>
   <subfield code="p">MD.16574</subfield>
   <subfield code="r">2020-02-11</subfield>
   <subfield code="v">99000.00</subfield>
   <subfield code="w">2020-02-11</subfield>
   <subfield code="y">BK</subfield>
  </datafield>
  <datafield tag="952" ind1=" " ind2=" ">
   <subfield code="0">0</subfield>
   <subfield code="1">0</subfield>
   <subfield code="2">ddc</subfield>
   <subfield code="4">0</subfield>
   <subfield code="6">657_300000000000000_D513</subfield>
   <subfield code="7">0</subfield>
   <subfield code="9">18538</subfield>
   <subfield code="a">000001</subfield>
   <subfield code="b">000001</subfield>
   <subfield code="d">2020-02-11</subfield>
   <subfield code="o">657.3 D513</subfield>
   <subfield code="p">MD.16575</subfield>
   <subfield code="r">2020-10-20</subfield>
   <subfield code="v">99000.00</subfield>
   <subfield code="w">2020-02-11</subfield>
   <subfield code="y">BK</subfield>
  </datafield>
  <datafield tag="952" ind1=" " ind2=" ">
   <subfield code="0">0</subfield>
   <subfield code="1">0</subfield>
   <subfield code="2">ddc</subfield>
   <subfield code="4">0</subfield>
   <subfield code="6">657_300000000000000_D513</subfield>
   <subfield code="7">0</subfield>
   <subfield code="9">18539</subfield>
   <subfield code="a">000001</subfield>
   <subfield code="b">000001</subfield>
   <subfield code="d">2020-02-11</subfield>
   <subfield code="o">657.3 D513</subfield>
   <subfield code="p">MD.16576</subfield>
   <subfield code="r">2020-10-15</subfield>
   <subfield code="v">99000.00</subfield>
   <subfield code="w">2020-02-11</subfield>
   <subfield code="y">BK</subfield>
  </datafield>
  <datafield tag="952" ind1=" " ind2=" ">
   <subfield code="0">0</subfield>
   <subfield code="1">0</subfield>
   <subfield code="2">ddc</subfield>
   <subfield code="4">0</subfield>
   <subfield code="6">657_300000000000000_D513</subfield>
   <subfield code="7">0</subfield>
   <subfield code="9">18540</subfield>
   <subfield code="a">000001</subfield>
   <subfield code="b">000001</subfield>
   <subfield code="d">2020-02-11</subfield>
   <subfield code="o">657.3 D513</subfield>
   <subfield code="p">MD.16577</subfield>
   <subfield code="r">2020-02-11</subfield>
   <subfield code="v">99000.00</subfield>
   <subfield code="w">2020-02-11</subfield>
   <subfield code="y">BK</subfield>
  </datafield>
  <datafield tag="952" ind1=" " ind2=" ">
   <subfield code="0">0</subfield>
   <subfield code="1">0</subfield>
   <subfield code="2">ddc</subfield>
   <subfield code="4">0</subfield>
   <subfield code="6">657_300000000000000_D513</subfield>
   <subfield code="7">0</subfield>
   <subfield code="9">18541</subfield>
   <subfield code="a">000001</subfield>
   <subfield code="b">000001</subfield>
   <subfield code="d">2020-02-11</subfield>
   <subfield code="o">657.3 D513</subfield>
   <subfield code="p">MD.16578</subfield>
   <subfield code="r">2020-02-11</subfield>
   <subfield code="v">99000.00</subfield>
   <subfield code="w">2020-02-11</subfield>
   <subfield code="y">BK</subfield>
  </datafield>
  <datafield tag="952" ind1=" " ind2=" ">
   <subfield code="0">0</subfield>
   <subfield code="1">0</subfield>
   <subfield code="2">ddc</subfield>
   <subfield code="4">0</subfield>
   <subfield code="6">657_300000000000000_D513</subfield>
   <subfield code="7">0</subfield>
   <subfield code="9">18542</subfield>
   <subfield code="a">000001</subfield>
   <subfield code="b">000001</subfield>
   <subfield code="d">2020-02-11</subfield>
   <subfield code="l">1</subfield>
   <subfield code="o">657.3 D513</subfield>
   <subfield code="p">MD.16579</subfield>
   <subfield code="r">2021-04-23</subfield>
   <subfield code="s">2021-04-09</subfield>
   <subfield code="v">99000.00</subfield>
   <subfield code="w">2020-02-11</subfield>
   <subfield code="y">BK</subfield>
  </datafield>
  <datafield tag="952" ind1=" " ind2=" ">
   <subfield code="0">0</subfield>
   <subfield code="1">0</subfield>
   <subfield code="2">ddc</subfield>
   <subfield code="4">0</subfield>
   <subfield code="6">657_300000000000000_D513</subfield>
   <subfield code="7">0</subfield>
   <subfield code="9">18543</subfield>
   <subfield code="a">000001</subfield>
   <subfield code="b">000001</subfield>
   <subfield code="d">2020-02-11</subfield>
   <subfield code="o">657.3 D513</subfield>
   <subfield code="p">MD.16580</subfield>
   <subfield code="r">2020-02-11</subfield>
   <subfield code="v">99000.00</subfield>
   <subfield code="w">2020-02-11</subfield>
   <subfield code="y">BK</subfield>
  </datafield>
  <datafield tag="980" ind1=" " ind2=" ">
   <subfield code="a">Thư viện Trường Đại học Nam Cần Thơ</subfield>
  </datafield>
 </record>
</collection>
